000 00791nam a2200181Ia 4500
008 090630s9999 xx 000 0 und d
082 _b20626
100 _aवैद्य अमरेंद्र.
245 _aवैज्ञानिकांचे अवकाश आणि पृथ्वी.
_cवैद्य अमरेंद्र.
260 _bज्ञानगंगा - पुणे.
300 _a48
600 _aवैद्य अमरेंद्र.
630 _aवैज्ञानिकांचे अवकाश आणि पृथ्वी.
655 _aलघुकथा.
700 _aवैद्य अमरेंद्र.
730 _aवैज्ञानिकांचे अवकाश आणि पृथ्वी.
942 _cBOOK
999 _c272482
_d272482